Statistiques concernant Stations du tramway de Bordeaux sur une carte

Cliquez ici pour prendre le quiz!

Statistiques générales

  • Ce quiz a été pris 314 fois
  • Le résultat moyen est 61 sur 147

Réponses sur la Carte

Les réponses sont colorées sur une échelle allant du rouge au vert en fonction du pourcentage des utilisateurs qui les ont devinées à leur premier essai. Vous pouvez retrouver ces pourcentages ci-dessous.
 

Statistiques - réponses

LigneArrêt% Correct
B | C | DQuinconces
87%
C | DGare Saint-Jean
82%
A | BHôtel de Ville
82%
APorte de Bourgogne
78%
BLa Cité du Vin
74%
C | DPorte de Bourgogne
74%
BVictoire
72%
AAéroport
71%
BPessac Centre
71%
C | DPlace de la Bourse
71%
ASainte-Catherine
71%
BGambetta madd
70%
AStalingrad
70%
BPeixotto
69%
BGrand Théâtre
68%
AMériadeck
66%
BMontaigne Montesquieu
66%
BMusée d'Aquitaine
65%
BSaint-Nicolas
64%
CParc des Expositions - Stade Matmut-Atlantique
62%
C | DSaint-Michel
59%
CGare de Blanquefort
58%
CGare de Bègles
57%
BArts et Métiers
56%
BChartrons
56%
APalais de Justice
56%
BBerges de la Garonne
55%
BCAPC (Musée d'Art Contemporain)
55%
ACenon Gare
54%
AHôpital Pellegrin
54%
APierre Mendès-France
54%
AStade Chaban-Delmas
54%
BBergonié
53%
BBarrière Saint-Genès
52%
AHôtel de Police
52%
AJardin Botanique
52%
CJardin Public
52%
BLes Hangars
51%
BDoyen Brus
49%
BFrance Alouette
49%
ALa Gardette - Bassens - Carbon-Blanc
48%
C | DTauzia
48%
BNew York
47%
BTalence Centre - Forum
47%
AFloirac Dravemont
46%
BBéthanie
45%
APlace du Palais
45%
BFrançois Bordes
44%
CGrand Parc
44%
ALe Haillan Rostand
44%
ASaint-Bruno - Hôtel de Région
44%
CLes Aubiers
43%
AMérignac Centre
43%
BRoustaing
43%
CVillenave Pyrénées
43%
C | DSainte-Croix
42%
BUnitec
41%
AButtinière
40%
DFondaudège Museum
40%
CGare de Bruges
40%
C | DCarle Vernet
39%
BGare de Pessac Alouette
39%
AMairie de Lormont
39%
AMérignac Soleil
39%
CLa Vache
37%
BSaige
37%
ACarnot - Mairie de Cenon
36%
BClaveau
36%
CCracovie
36%
DHippodrome
36%
DMairie du Bouscat
36%
C | DBelcier
35%
BBougnard
35%
CPlace Paul Doumer
35%
CQuarante Journaux
35%
AGalin
34%
CPlace Ravezies
34%
AThiers Benauge
34%
AFontaine d'Arlac
32%
AIris
32%
APalmer
32%
CCamille Godard
31%
DEysines Cantinolle
30%
AJean Jaurès
30%
CLycée Václav Havel
30%
BRue Achard
30%
ASaint-Augustin
30%
BCours du Médoc
29%
CÉmile Counord
29%
DBarrière du Médoc
28%
AGaviniès
28%
ALycées de Mérignac
28%
CPalais des Congrès
28%
APin Galant
28%
CBerges du Lac
27%
BBrandenburg
27%
BHôpital Haut-Levêque
27%
CTerres Neuves
27%
AFrançois Mitterand
26%
CAusone
25%
DEysines Centre
25%
APeychotte
24%
AQuatre Chemins
24%
BChâtaigneraie
23%
ALes Pins
23%
CVillenave Centre - Pont de la Maye
23%
DCroix de Seguey
22%
CLa Belle Rose
22%
ALauriers
22%
CParc de Mussonville
22%
CStade Musard
22%
ABois Fleuri
21%
CFrankton
21%
ALa Morlette
21%
BCamponac Médiathèque
20%
ACarriet
20%
AGravières
20%
AJean Zay
20%
AAlfred de Vigny
19%
AFrères Robinson
19%
APelletan
19%
DSainte-Germaine
19%
CCalais Centujean
18%
BCap Métiers
18%
DLes Sources
17%
ACaroline Aigle
16%
AChemin Long
16%
AHôtel de Ville - Mérignac
16%
ALa Marègue
16%
DLes Écus
16%
DSimone Veil
16%
DCalypso
15%
ACadéra Issartier
14%
DPicot
14%
DChamp de Courses - Treulon
13%
DCourbet
13%

Distribution des résultats

Percentile par nombre de réponses

% des personnes avec chaque résultat

Votre développement - résultats

Vous n’avez pas pris ce quiz